| Tag |
First Indicator |
Second Indicator |
Subfields |
| LEADER |
00000cam a2200000Ii 4500 |
| 001 |
in00003861921 |
| 005 |
20170602111922.0 |
| 008 |
150919t20162016waub d 000 1 eng d |
| 035 |
|
|
|a (OCoLC)ocn921868159
|
| 040 |
|
|
|a BTCTA
|b eng
|e rda
|c BTCTA
|d BDX
|d OCLCQ
|d IHX
|d OCLCO
|d LF3
|d KNJ
|d OCLCO
|d GO3
|d OCLCO
|d OCLCA
|d T7L
|d OCLCF
|d OCLCO
|d IP6
|d OCLCO
|d OCL
|d OCLCO
|d ORU
|d BPLCP
|d OCLCO
|d T2S
|d OCLCO
|d T3B
|d YDX
|d OCLCQ
|d OCLCA
|d TXA
|
| 020 |
|
|
|a 9781503953314
|q (hardcover)
|
| 020 |
|
|
|a 1503953319
|q (hardcover)
|
| 020 |
|
|
|a 9781503953307
|q (paperback)
|
| 020 |
|
|
|a 1503953300
|q (paperback)
|
| 035 |
|
|
|a (OCoLC)921868159
|
| 050 |
|
4 |
|a PS3623.H4298
|b Q44 2016
|
| 082 |
0 |
4 |
|a [Fic]
|2 23
|
| 049 |
|
|
|a TXAM
|
| 100 |
1 |
|
|a Wheeler, Jeff,
|d 1971-
|e author.
|
| 245 |
1 |
4 |
|a The queen's poisoner /
|c Jeff Wheeler.
|
| 250 |
|
|
|a First edition.
|
| 264 |
|
1 |
|a Seattle :
|b 47North,
|c [2016]
|
| 264 |
|
4 |
|c ©2016
|
| 300 |
|
|
|a 318 pages :
|b map ;
|c 23 cm.
|
| 336 |
|
|
|a text
|b txt
|2 rdacontent
|
| 337 |
|
|
|a unmediated
|b n
|2 rdamedia
|
| 338 |
|
|
|a volume
|b nc
|2 rdacarrier
|
| 490 |
1 |
|
|a Kingfountain series
|
| 520 |
|
|
|a "King Severn Argentine's fearsome reputation precedes him: usurper of the throne, killer of rightful heirs, ruthless punisher of traitors. Attempting to depose him, the Duke of Kiskaddon gambles ... and loses. Now the duke must atone by handing over his young son, Owen, as the king's hostage. And should his loyalty falter again, the boy will pay with his life"--Back cover.
|
| 650 |
|
0 |
|a Kings and rulers
|v Fiction.
|
| 650 |
|
0 |
|a Alliances
|v Fiction.
|
| 650 |
|
0 |
|a Magic
|v Fiction.
|
| 650 |
|
4 |
|a Kings and rulers.
|
| 650 |
|
4 |
|a Magic.
|
| 650 |
|
4 |
|a Alliances.
|
| 650 |
|
4 |
|a Kings and rulers
|v Fiction.
|
| 650 |
|
4 |
|a Fantasy fiction.
|
| 650 |
|
4 |
|a Inheritance and succession
|v Fiction.
|
| 650 |
|
4 |
|a Magic
|v Fiction.
|
| 650 |
|
7 |
|a Alliances.
|2 fast
|0 (OCoLC)fst00805586
|
| 650 |
|
7 |
|a Kings and rulers.
|2 fast
|0 (OCoLC)fst00987694
|
| 650 |
|
7 |
|a Magic.
|2 fast
|0 (OCoLC)fst01005468
|
| 655 |
|
7 |
|a Fantasy fiction.
|2 fast
|0 (OCoLC)fst01726607
|
| 655 |
|
7 |
|a Fiction.
|2 fast
|0 (OCoLC)fst01423787
|
| 655 |
|
7 |
|a Fantasy fiction.
|2 gsafd
|
| 655 |
|
7 |
|a Fantasy fiction.
|2 lcgft
|
| 655 |
|
7 |
|a Fiction.
|2 lcgft
|
| 800 |
1 |
|
|a Wheeler, Jeff,
|d 1971-
|t Kingfountain series.
|
| 938 |
|
|
|a Brodart
|b BROD
|n 113999658
|
| 938 |
|
|
|a Baker and Taylor
|b BTCP
|n BK0017709491
|
| 938 |
|
|
|a YBP Library Services
|b YANK
|n 13897102
|
| 948 |
|
|
|a cataloged
|b h
|c 2017/6/2
|d c
|e ljohnson
|f 11:18:09 am
|
| 994 |
|
|
|a C0
|b TXA
|
| 999 |
f |
f |
|s 52926d33-67fe-39dc-8deb-7861de9edf38
|i 91ec4746-45ce-3add-b0f8-0212207777c3
|t 0
|
| 952 |
f |
f |
|p noncirc
|a Texas A&M University
|b College Station
|c Cushing Memorial Library & Archives
|d Cushing: Science Fiction (Does not check out)
|t 0
|e PS3623.H4298 Q44 2016
|h Library of Congress classification
|i unmediated -- volume
|
| 998 |
f |
f |
|a PS3623.H4298 Q44 2016
|t 0
|l Cushing: Science Fiction (Does not check out)
|